Mitteilungen des Deutschen Hauptverbandes der Industrie

Guardado en:
Detalles Bibliográficos
Formato: Seriadas
Lenguaje:alemán
Publicado: Teplitz-Schönau Deutscher Hauptverband der Industrie in der Tschechoslowakischen Republik 1923
Etiquetas: Agregar Etiqueta
Sin Etiquetas, Sea el primero en etiquetar este registro!

MARC

LEADER 00000nas2a2200000 4500
001 0015045
005 20250730114332.7
041 0 |a ger 
044 |a CZ 
245 1 0 |a Mitteilungen des Deutschen Hauptverbandes der Industrie 
264 1 |a Teplitz-Schönau  |b Deutscher Hauptverband der Industrie in der Tschechoslowakischen Republik  |c 1923 
300 |a 1 zv. 
773 0 |w eu_un_cat*0014776